|
|
|
|
| LEADER |
00000nam0a2200000 4500 |
| 001 |
231941 |
| 005 |
20231101231128.0 |
| 035 |
|
|
|a (RuTPU)RU\TPU\book\252970
|
| 090 |
|
|
|a 231941
|
| 100 |
|
|
|a 20130207d1956 k y0rusy50 ca
|
| 101 |
0 |
|
|a rus
|
| 102 |
|
|
|a RU
|
| 105 |
|
|
|a a z 001zy
|
| 200 |
1 |
|
|a Труды Института геологии
|h Вып. 7
|f Академия наук Киргизской ССР (АН КиргССР)
|
| 210 |
|
|
|a Фрунзе
|c Изд-во АН КиргССР
|d 1956
|
| 215 |
|
|
|a 125 с.
|c ил.
|
| 317 |
|
|
|5 63413507: КР-997
|a Поступила в НТБ в 2004 г. в составе книжного собрания профессора ТПИ К. В. Радугина.
|
| 320 |
|
|
|a Библиография в конце статей
|
| 606 |
1 |
|
|a Геология
|2 stltpush
|3 (RuTPU)RU\TPU\subj\6095
|9 34054
|
| 610 |
1 |
|
|a Киргизия
|
| 610 |
1 |
|
|a гранитоидные массивы
|
| 610 |
1 |
|
|a морфология
|
| 610 |
1 |
|
|a петрография
|
| 610 |
1 |
|
|a акцессорные минералы
|
| 610 |
1 |
|
|a образование
|
| 610 |
1 |
|
|a мезокайнозойские впадины
|
| 610 |
1 |
|
|a геологические пробы
|
| 610 |
1 |
|
|a библиотека К. В. Радугина
|
| 675 |
|
|
|a 55
|v 3
|
| 712 |
0 |
2 |
|a Академия наук Киргизской ССР (АН КиргССР)
|2 stltpush
|3 (RuTPU)RU\TPU\col\8507
|
| 801 |
|
1 |
|a RU
|b 63413507
|c 20130207
|
| 801 |
|
2 |
|a RU
|b 63413507
|c 20130807
|g RCR
|
| 942 |
|
|
|c BK
|